000 01020nam a22002537a 4500
003 NALT
005 20210730154159.0
008 s2527 th tha d
040 _aNALT
041 _atha
090 _aว BQ6140 พ446ค 2527
100 0 _aพลศักดิ์ จิรไกรศิริ
245 1 0 _aความคิดทางการเมืองของพระสงฆ์ไทย
260 3 _aกรุงเทพฯ :
_bมหาวิทยาลัยศรีนครินทรวิโรฒ ประสานมิตร,
_c2527
300 _a268 หน้า :
_b ตาราง ;
_c 27 ซม.
650 0 4 _aพุทธธรรม
650 0 4 _aพุทธศาสนากับการเมือง
650 0 4 _aสงฆ์ -- ความคิดทางการเมือง
650 0 4 _aสงฆ์ -- วิจัย
650 0 4 _aสถาบันสงฆ์
850 _aNALT
942 _cRSH
_2lcc
998 _bSUKUNYA
_j109
_k อารีรัตน์ วิชาช่าง
999 _c30235
_d30235